| 000 | 00425nam a2200157Ia 4500 | ||
|---|---|---|---|
| 008 | 230312s9999||||xx |||||||||||||| ||und|| | ||
| 020 | _a0-8166-3477-7 | ||
| 082 |
_a720.105 _bVIN-M |
||
| 100 | _aVine;Lance.La | ||
| 245 | 0 | _aMachanics and Meaning in Architecture | |
| 260 |
_bMinnesota Press _aLondon _c2001 |
||
| 300 | _a207 | ||
| 546 | _aEng. | ||
| 650 |
_aArchitecture _vMachanics and Meaning in Architecture |
||
| 942 | _cBK | ||
| 999 |
_c9694 _d9694 |
||